LEADER 01629nam 2200409 450 001 9910132070003321 005 20240208163820.0 010 $a1-4123-5090-5 035 $a(CKB)3680000000169344 035 $a(NjHacI)993680000000169344 035 $a(EXLCZ)993680000000169344 100 $a20240208d2006 uy 0 101 0 $aeng 135 $aur||||||||||| 181 $ctxt$2rdacontent 182 $cc$2rdamedia 183 $acr$2rdacarrier 200 10$aEvolution of the Image and Accomplishments of the Royal Society of Canada =$eEvolution dans l'image et les re?alisations de la Socie?te? royale du Canada /$fMarc Ade?lard Tremblay 210 1$aChicoutimi :$cJ.-M. Tremblay,$d2006. 215 $a1 online resource 225 0 $aClassiques des sciences sociales 320 $aIncludes bibliographical references. 327 $aProble?matique: la nature du regard sur la Socie?te? royale -- Social foundations of the birth and transformation of the scientific field -- The Royal Society of Canada: its image and accomplishments -- The society's future functions -- Re?fe?rences. 606 $aHumanities$xHistory 606 $aHumanities$zCanada 606 $aHumanities$xSocieties, etc$xHistory 615 0$aHumanities$xHistory. 615 0$aHumanities 615 0$aHumanities$xSocieties, etc.$xHistory. 676 $a081 700 $aTremblay$b Marc-Ade?lard$01591912 801 0$bNjHacI 801 1$bNjHacl 906 $aBOOK 912 $a9910132070003321 996 $aEvolution of the Image and Accomplishments of the Royal Society of Canada$93907639 997 $aUNINA LEADER 00711nam0 22002291i 450 001 UON00138080 005 20231205102829.670 100 $a20020107d1973 |0itac50 ba 101 $aben 102 $aIN 105 $a|||| 1|||| 200 1 $aSudharashahara$fSantosh Kumar Ghosh 210 $aCalcutta$c[s. n.]$d1973 215 $a236 p.$d22 cm 606 $aLetteratura bengali$xNarrativa$3UONC030997$2FI 620 $aIN$dCalcutta$3UONL000111 686 $aSI VI ECX$cSUBCONT. INDIANO - LETTERATURA BENGALI - PERIODO MODERNO - TESTI$2A 700 1$aGHOSH$bSantosh Kumar$3UONV080240$0668626 801 $aIT$bSOL$c20251024$gRICA 912 $aUON00138080 996 $aSudharashahara$93896977 997 $aUNIOR